[Event "54th Ilmar Raud Memorial"]
[Site "Viljandi"]
[Date "2020.07.10"]
[Round "7.6"]
[White "Sepp, Olav"]
[Black "Narva, Mai"]
[Result "1-0"]
[WhiteElo "2410"]
[BlackElo "2333"]
[PlyCount "33"]
[EventDate "2020.??.??"]

1. Nf3 {[%emt 0:00:03]} Nf6 {[%emt 0:00:14]} 2. g3 {[%emt 0:00:31]} b6 {
[%emt 0:00:14]} 3. Bg2 {[%emt 0:00:07]} Bb7 {[%emt 0:00:10]} 4. O-O {[%emt 0:
01:19]} e6 {[%emt 0:00:15]} 5. c4 {[%emt 0:00:22]} Be7 {[%emt 0:00:16]} 6. Nc3
{[%emt 0:02:34]} O-O {[%emt 0:00:26]} 7. d4 {[%emt 0:03:30]} Ne4 {[%emt 0:01:
14]} 8. Qc2 {[%emt 0:01:51]} Nxc3 {[%emt 0:00:41]} 9. Qxc3 {[%emt 0:00:09]} c5
{[%emt 0:00:30]} 10. Rd1 {[%emt 0:03:40]} Bf6 {[%emt 0:14:03]} 11. Qc2 {
[%emt 0:22:23]} Qe7 {[%emt 0:21:43]} 12. Ng5 {[%emt 0:01:06]} Bxg5 {[%emt 0:02:
33]} 13. Bxg5 {[%emt 0:04:02]} Qxg5 {[%emt 0:00:13]} 14. Bxb7 {[%emt 0:00:05]}
Nc6 {[%emt 0:00:21]} 15. Bxa8 {[%emt 0:00:25]} Nxd4 {[%emt 0:01:40]} 16. Rxd4 {
[%emt 0:00:44]} cxd4 {[%emt 0:00:14]} 17. Bf3 {[%emt 0:01:14]} 1-0

[Event "54th Ilmar Raud Memorial"]
[Site "Viljandi"]
[Date "2020.07.11"]
[Round "8.1"]
[White "Neiksans, Arturs"]
[Black "Laurusas, Tomas"]
[Result "1/2-1/2"]
[WhiteElo "2557"]
[BlackElo "2511"]
[PlyCount "20"]
[EventDate "2020.??.??"]

1. e4 {[%emt 0:00:04]} c6 {[%emt 0:00:20]} 2. Nc3 {[%emt 0:00:32]} d5 {[%emt 0:
00:08]} 3. Nf3 {[%emt 0:00:16]} Bg4 {[%emt 0:00:12]} 4. h3 {[%emt 0:00:45]}
Bxf3 {[%emt 0:00:08]} 5. Qxf3 {[%emt 0:00:06]} e6 {[%emt 0:00:07]} 6. g3 {
[%emt 0:00:50]} Nf6 {[%emt 0:00:24]} 7. Bg2 {[%emt 0:01:01]} dxe4 {[%emt 0:00:
14]} 8. Nxe4 {[%emt 0:00:26]} Nxe4 {[%emt 0:00:06]} 9. Qxe4 {[%emt 0:00:07]}
Be7 {[%emt 0:00:06]} 10. O-O {[%emt 0:00:54]} Nd7 {[%emt 0:00:05]} 1/2-1/2

[Event "54th Ilmar Raud Memorial"]
[Site "Viljandi"]
[Date "2020.07.11"]
[Round "8.2"]
[White "Sepp, Olav"]
[Black "Meshkovs, Nikita"]
[Result "1/2-1/2"]
[WhiteElo "2410"]
[BlackElo "2582"]
[PlyCount "120"]
[EventDate "2020.??.??"]

1. Nf3 {[%emt 0:00:05]} d5 {[%emt 0:01:31]} 2. g3 {[%emt 0:00:12]} Nc6 {
[%emt 0:00:27]} 3. d4 {[%emt 0:00:33]} Bf5 {[%emt 0:00:10]} 4. Bg2 {[%emt 0:00:
18]} Nb4 {[%emt 0:00:11]} 5. Na3 {[%emt 0:00:17]} e6 {[%emt 0:00:11]} 6. O-O {
[%emt 0:00:37]} Nf6 {[%emt 0:06:03]} 7. Nh4 {[%emt 0:10:07]} Bg6 {[%emt 0:03:
58]} 8. Nxg6 {[%emt 0:02:20]} hxg6 {[%emt 0:00:10]} 9. c4 {[%emt 0:25:35]} c6 {
[%emt 0:05:20]} 10. Qb3 {[%emt 0:03:50]} Qd7 {[%emt 0:02:30]} 11. Rd1 {[%emt 0:
14:27]} Be7 {[%emt 0:07:17]} 12. Nb1 {[%emt 0:00:48]} Rd8 {[%emt 0:00:33]} 13.
Nc3 {[%emt 0:00:24]} Na6 {[%emt 0:00:08]} 14. Bf4 {[%emt 0:01:42]} O-O {
[%emt 0:01:47]} 15. Bh3 {[%emt 0:19:15]} dxc4 {[%emt 0:07:53]} 16. Qxc4 {
[%emt 0:00:05]} Nd5 {[%emt 0:00:09]} 17. Bc1 {[%emt 0:04:53]} Qd6 {[%emt 0:11:
11]} 18. e4 {[%emt 0:00:31]} Nb6 {[%emt 0:02:49]} 19. Qb3 {[%emt 0:00:38]} Qb4
{[%emt 0:00:16]} 20. Be3 {[%emt 0:05:02]} Nc4 {[%emt 0:02:07]} 21. Bf1 {
[%emt 0:00:12]} Nxe3 {[%emt 0:01:21]} 22. fxe3 {[%emt 0:00:01]} Bg5 {[%emt 0:
01:11]} 23. Bxa6 {[%emt 0:05:25]} Bxe3+ {[%emt 0:00:08]} 24. Kg2 {[%emt 0:00:
03]} Qxb3 {[%emt 0:00:13]} 25. axb3 {[%emt 0:00:01]} bxa6 {[%emt 0:00:08]} 26.
d5 {[%emt 0:01:12]} cxd5 {[%emt 0:06:38]} 27. exd5 Rd6 {[%emt 0:00:11]} 28.
dxe6 {[%emt 0:02:13]} Rxe6 {[%emt 0:00:24]} 29. Nd5 {[%emt 0:00:14]} Bg5 {
[%emt 0:02:16]} 30. h4 {[%emt 0:00:45]} Bd8 {[%emt 0:00:01]} 31. Kf3 {[%emt 0:
01:29]} Rfe8 {[%emt 0:00:45]} 32. Rd3 {[%emt 0:01:00]} Kh7 {[%emt 0:10:56]} 33.
b4 {[%emt 0:00:22]} Rc6 {[%emt 0:01:23]} 34. b5 {[%emt 0:00:20]} axb5 {[%emt 0:
06:14]} 35. Rxa7 Rc1 {[%emt 0:00:07]} 36. Nf4 {[%emt 0:01:45]} Re7 {[%emt 0:05:
10]} 37. Rxe7 {[%emt 0:00:08]} Bxe7 {[%emt 0:00:01]} 38. Rd7 {[%emt 0:00:05]}
Bf6 {[%emt 0:00:44]} 39. Rxf7 {[%emt 0:00:29]} Rb1 {[%emt 0:01:46]} 40. Nd5 {
[%emt 0:02:25]} Bxb2 {[%emt 0:06:05]} 41. Rb7 {[%emt 0:00:13]} Be5 {[%emt 0:02:
27]} 42. g4 {[%emt 0:01:03]} Rh1 {[%emt 0:15:03]} 43. Rxb5 {[%emt 0:05:56]}
Rxh4 {[%emt 0:00:18]} 44. Nf4 {[%emt 0:01:10]} Bc3 {[%emt 0:01:23]} 45. Rc5 {
[%emt 0:03:06]} Bf6 {[%emt 0:01:01]} 46. g5 {[%emt 0:03:04]} Be7 {[%emt 0:00:
01]} 47. Rd5 {[%emt 0:00:57]} Rh1 {[%emt 0:00:08]} 48. Kg4 {[%emt 0:01:16]}
Rg1+ {[%emt 0:00:12]} 49. Kh4 {[%emt 0:00:11]} Rc1 {[%emt 0:00:56]} 50. Kg4 {
[%emt 0:00:12]} Rc4 {[%emt 0:00:02]} 51. Kf3 {[%emt 0:00:29]} Rc6 {[%emt 0:00:
24]} 52. Kg4 {[%emt 0:00:57]} Kg8 {[%emt 0:00:01]} 53. Rd7 {[%emt 0:00:21]} Kf8
{[%emt 0:00:57]} 54. Rc7 {[%emt 0:01:41]} Rxc7 {[%emt 0:00:49]} 55. Ne6+ {
[%emt 0:00:02]} Kf7 {[%emt 0:00:05]} 56. Nxc7 {[%emt 0:00:07]} Bd6 57. Nd5 {
[%emt 0:00:10]} Ke6 {[%emt 0:00:27]} 58. Ne3 {[%emt 0:00:14]} Bb4 {[%emt 0:01:
29]} 59. Ng2 {[%emt 0:00:07]} Bd2 {[%emt 0:00:24]} 60. Nh4 {[%emt 0:00:06]} Kf7
{[%emt 0:00:05]} 1/2-1/2

[Event "54th Ilmar Raud Memorial"]
[Site "Viljandi"]
[Date "2020.07.11"]
[Round "8.3"]
[White "Külaots, Kaido"]
[Black "Chukavin, Kirill"]
[Result "1/2-1/2"]
[WhiteElo "2524"]
[BlackElo "2345"]
[PlyCount "79"]
[EventDate "2020.??.??"]

1. e4 {[%emt 0:00:04]} e5 {[%emt 0:00:09]} 2. Nf3 {[%emt 0:00:31]} Nf6 {
[%emt 0:00:06]} 3. Nc3 {[%emt 0:06:55]} Bb4 {[%emt 0:02:27]} 4. Nxe5 {[%emt 0:
01:58]} O-O {[%emt 0:00:21]} 5. Be2 {[%emt 0:00:23]} Re8 {[%emt 0:00:35]} 6.
Nd3 {[%emt 0:00:06]} Bxc3 {[%emt 0:00:26]} 7. dxc3 {[%emt 0:00:15]} Nxe4 {
[%emt 0:00:24]} 8. O-O {[%emt 0:01:49]} d5 {[%emt 0:07:18]} 9. Re1 {[%emt 0:12:
01]} c6 {[%emt 0:08:01]} 10. Bf1 {[%emt 0:02:11]} Bf5 {[%emt 0:01:37]} 11. f3 {
[%emt 0:07:47]} Nf6 {[%emt 0:04:12]} 12. a4 {[%emt 0:02:08]} a5 {[%emt 0:06:42]
} 13. Rxe8+ {[%emt 0:04:07]} Nxe8 {[%emt 0:01:33]} 14. Bf4 {[%emt 0:05:03]} Na6
{[%emt 0:23:29]} 15. Qe2 {[%emt 0:03:53]} Nec7 {[%emt 0:06:50]} 16. Qf2 {
[%emt 0:04:24]} Ne6 {[%emt 0:02:21]} 17. Be3 {[%emt 0:01:04]} Nb8 {[%emt 0:00:
53]} 18. Rd1 {[%emt 0:02:44]} Qf6 {[%emt 0:03:54]} 19. g4 {[%emt 0:10:56]} Bxd3
{[%emt 0:05:36]} 20. Bxd3 {[%emt 0:05:04]} Nd7 {[%emt 0:00:47]} 21. f4 {
[%emt 0:06:28]} Qe7 {[%emt 0:02:56]} 22. c4 {[%emt 0:08:05]} Nec5 {[%emt 0:07:
23]} 23. cxd5 {[%emt 0:00:32]} Nxd3 {[%emt 0:01:46]} 24. Rxd3 {[%emt 0:01:39]}
cxd5 {[%emt 0:00:05]} 25. Qf3 {[%emt 0:03:33]} Nc5 {[%emt 0:05:26]} 26. Rxd5 {
[%emt 0:00:23]} Nxa4 {[%emt 0:00:08]} 27. Rb5 {[%emt 0:02:20]} Re8 {[%emt 0:03:
21]} 28. Rxb7 {[%emt 0:00:20]} Qd6 {[%emt 0:00:07]} 29. Kg2 {[%emt 0:02:36]} h6
{[%emt 0:01:07]} 30. Bf2 {[%emt 0:02:29]} Nc5 {[%emt 0:01:26]} 31. Ra7 {
[%emt 0:02:57]} Ne6 {[%emt 0:00:59]} 32. Be3 {[%emt 0:00:25]} Nd4 {[%emt 0:02:
45]} 33. Bxd4 {[%emt 0:01:00]} Qxd4 {[%emt 0:00:06]} 34. Ra8 {[%emt 0:00:19]}
Rxa8 {[%emt 0:00:52]} 35. Qxa8+ {[%emt 0:00:01]} Kh7 36. Qxa5 {[%emt 0:01:14]}
Qe4+ {[%emt 0:00:15]} 37. Kg3 {[%emt 0:00:28]} Qe3+ {[%emt 0:00:03]} 38. Kg2 {
[%emt 0:00:17]} Qe2+ {[%emt 0:00:34]} 39. Kg3 {[%emt 0:00:14]} Qe3+ {[%emt 0:
00:04]} 40. Kg2 {[%emt 0:00:26]} 1/2-1/2

[Event "54th Ilmar Raud Memorial"]
[Site "Viljandi"]
[Date "2020.07.11"]
[Round "8.4"]
[White "Shishkov, Andrei"]
[Black "Volodin, Aleksandr"]
[Result "1/2-1/2"]
[WhiteElo "2390"]
[BlackElo "2497"]
[PlyCount "121"]
[EventDate "2020.??.??"]

1. d4 d5 {[%emt 0:06:38]} 2. c4 {[%emt 0:00:08]} e6 {[%emt 0:00:07]} 3. Nc3 {
[%emt 0:00:04]} Be7 {[%emt 0:00:05]} 4. Nf3 {[%emt 0:00:05]} Nf6 {[%emt 0:01:
46]} 5. Bf4 {[%emt 0:00:12]} c6 {[%emt 0:01:20]} 6. e3 {[%emt 0:00:25]} Nh5 {
[%emt 0:01:35]} 7. c5 {[%emt 0:19:21]} Nxf4 {[%emt 0:23:12]} 8. exf4 {[%emt 0:
00:09]} Qc7 {[%emt 0:00:36]} 9. g3 {[%emt 0:00:48]} Nd7 {[%emt 0:02:38]} 10. b4
{[%emt 0:08:00]} a5 {[%emt 0:06:04]} 11. b5 {[%emt 0:04:37]} cxb5 {[%emt 0:02:
40]} 12. Bxb5 {[%emt 0:03:00]} b6 {[%emt 0:07:32]} 13. c6 {[%emt 0:01:14]} Nf6
{[%emt 0:00:04]} 14. O-O {[%emt 0:01:03]} Bb4 {[%emt 0:00:45]} 15. Na4 {
[%emt 0:13:26]} Ne4 {[%emt 0:02:58]} 16. a3 {[%emt 0:03:16]} Be7 {[%emt 0:00:
06]} 17. Qb3 {[%emt 0:03:25]} O-O {[%emt 0:03:41]} 18. Rfc1 {[%emt 0:03:31]}
Nd6 {[%emt 0:00:42]} 19. Ne5 {[%emt 0:04:32]} Bf6 {[%emt 0:05:31]} 20. Rab1 {
[%emt 0:04:52]} Rb8 {[%emt 0:01:33]} 21. Nc3 {[%emt 0:03:43]} Bd8 {[%emt 0:06:
43]} 22. a4 {[%emt 0:02:17]} g6 {[%emt 0:03:54]} 23. h4 {[%emt 0:04:35]} Kg7 {
[%emt 0:00:22]} 24. Kg2 {[%emt 0:01:15]} Nf5 {[%emt 0:03:06]} 25. Rd1 {[%emt 0:
01:20]} Nd6 {[%emt 0:05:01]} 26. Rdc1 {[%emt 0:01:02]} Nf5 {[%emt 0:00:32]} 27.
Qd1 {[%emt 0:01:51]} Be7 {[%emt 0:01:17]} 28. Be2 {[%emt 0:04:21]} Nd6 {
[%emt 0:00:11]} 29. Nb5 {[%emt 0:00:25]} Nxb5 {[%emt 0:00:05]} 30. Bxb5 {
[%emt 0:00:07]} Ra8 {[%emt 0:04:27]} 31. Qd3 {[%emt 0:00:20]} Bd8 {[%emt 0:00:
32]} 32. h5 {[%emt 0:01:00]} f6 {[%emt 0:01:43]} 33. h6+ {[%emt 0:02:16]} Kg8 {
[%emt 0:01:11]} 34. Nd7 {[%emt 0:02:30]} Rf7 {[%emt 0:00:41]} 35. Rc2 {[%emt 0:
00:57]} Qd6 {[%emt 0:00:44]} 36. Re1 {[%emt 0:00:30]} f5 {[%emt 0:02:19]} 37.
Qe2 {[%emt 0:04:08]} Re7 {[%emt 0:00:13]} 38. Rec1 {[%emt 0:01:33]} Ra7 {
[%emt 0:00:51]} 39. Ne5 {[%emt 0:00:39]} Rec7 {[%emt 0:01:55]} 40. Nf3 {
[%emt 0:02:06]} Bf6 {[%emt 0:01:22]} 41. Qd3 {[%emt 0:02:05]} Ra8 {[%emt 0:02:
06]} 42. Re1 {[%emt 0:01:12]} Qf8 {[%emt 0:02:02]} 43. Ng5 {[%emt 0:03:35]} Re7
{[%emt 0:03:22]} 44. Rce2 {[%emt 0:00:44]} Bxg5 {[%emt 0:01:19]} 45. fxg5 {
[%emt 0:00:02]} Rf7 {[%emt 0:00:39]} 46. Re3 {[%emt 0:06:10]} Qe7 {[%emt 0:01:
17]} 47. f4 {[%emt 0:00:35]} Qd6 {[%emt 0:00:09]} 48. Qe2 {[%emt 0:01:57]} Re7
{[%emt 0:02:31]} 49. Rb3 {[%emt 0:00:17]} Kf7 {[%emt 0:00:40]} 50. Rc1 {
[%emt 0:00:40]} Rc7 {[%emt 0:00:25]} 51. Qb2 {[%emt 0:01:10]} Rb8 {[%emt 0:00:
55]} 52. Rbc3 {[%emt 0:00:21]} Ke7 {[%emt 0:01:33]} 53. Rb3 {[%emt 0:01:00]}
Kd8 {[%emt 0:00:21]} 54. Rbc3 {[%emt 0:00:21]} Ke7 {[%emt 0:01:18]} 55. Qe2 {
[%emt 0:00:15]} Ra8 {[%emt 0:01:17]} 56. R1c2 {[%emt 0:01:05]} Kd8 {[%emt 0:01:
10]} 57. Rc1 {[%emt 0:01:10]} Ke7 {[%emt 0:00:03]} 58. Qb2 {[%emt 0:00:44]} Rb8
{[%emt 0:01:25]} 59. Kh3 {[%emt 0:00:13]} Kd8 {[%emt 0:00:27]} 60. Qe2 {
[%emt 0:00:43]} Ra8 {[%emt 0:00:12]} 61. Kh4 {[%emt 0:00:51]} 1/2-1/2

[Event "54th Ilmar Raud Memorial"]
[Site "Viljandi"]
[Date "2020.07.11"]
[Round "8.5"]
[White "Vorobjov, Pavel"]
[Black "Miezis, Normunds"]
[Result "0-1"]
[WhiteElo "2269"]
[BlackElo "2489"]
[PlyCount "42"]
[EventDate "2020.??.??"]

1. d4 {[%emt 0:00:02]} Nf6 {[%emt 0:00:24]} 2. c4 {[%emt 0:00:15]} e6 {[%emt 0:
01:12]} 3. Nc3 {[%emt 0:00:23]} Bb4 {[%emt 0:00:13]} 4. e3 {[%emt 0:00:18]} O-O
{[%emt 0:02:57]} 5. Nge2 {[%emt 0:00:20]} Re8 {[%emt 0:04:58]} 6. a3 {[%emt 0:
00:17]} Bf8 {[%emt 0:00:09]} 7. Ng3 {[%emt 0:04:29]} d5 {[%emt 0:04:11]} 8. Bd2
{[%emt 0:01:50]} b6 {[%emt 0:03:11]} 9. Qc2 {[%emt 0:11:19]} c5 {[%emt 0:04:31]
} 10. dxc5 {[%emt 0:03:01]} bxc5 {[%emt 0:01:33]} 11. Bd3 {[%emt 0:00:19]} Nc6
{[%emt 0:01:21]} 12. cxd5 {[%emt 0:00:37]} exd5 {[%emt 0:00:54]} 13. O-O {
[%emt 0:01:32]} Ne5 {[%emt 0:04:54]} 14. Rfd1 {[%emt 0:03:23]} Bb7 {[%emt 0:13:
02]} 15. Bf1 {[%emt 0:10:53]} Rc8 {[%emt 0:05:07]} 16. Nce2 {[%emt 0:05:13]} h5
{[%emt 0:07:25]} 17. Qa4 {[%emt 0:11:44]} Bc6 {[%emt 0:04:27]} 18. Qa5 {
[%emt 0:04:09]} Qd7 {[%emt 0:01:24]} 19. Nc3 {[%emt 0:08:38]} h4 {[%emt 0:01:
35]} 20. Nh1 {[%emt 0:00:08]} Qg4 {[%emt 0:05:45]} 21. Be2 {[%emt 0:04:05]} Qg6
{[%emt 0:01:37]} 0-1

[Event "54th Ilmar Raud Memorial"]
[Site "Viljandi"]
[Date "2020.07.11"]
[Round "8.6"]
[White "Seeman, Tarvo"]
[Black "Keso, Elias"]
[Result "1-0"]
[WhiteElo "2415"]
[BlackElo "2300"]
[PlyCount "41"]
[EventDate "2020.??.??"]

1. Nf3 {[%emt 0:00:01]} Nf6 {[%emt 0:00:13]} 2. g3 {[%emt 0:00:05]} g6 {
[%emt 0:00:14]} 3. Bg2 {[%emt 0:00:05]} Bg7 {[%emt 0:00:16]} 4. O-O {[%emt 0:
00:07]} O-O {[%emt 0:00:06]} 5. d4 {[%emt 0:00:09]} d6 {[%emt 0:00:20]} 6. Re1
{[%emt 0:01:41]} c5 {[%emt 0:12:42]} 7. dxc5 {[%emt 0:01:14]} dxc5 {[%emt 0:00:
53]} 8. Qxd8 {[%emt 0:00:51]} Rxd8 {[%emt 0:00:05]} 9. c3 {[%emt 0:00:58]} Be6
{[%emt 0:13:11]} 10. Ng5 {[%emt 0:20:41]} Bd5 {[%emt 0:01:28]} 11. e4 {[%emt 0:
01:45]} Bc6 {[%emt 0:00:51]} 12. e5 {[%emt 0:02:28]} Ne8 {[%emt 0:06:48]} 13.
e6 {[%emt 0:14:35]} f6 {[%emt 0:01:10]} 14. Nf7 {[%emt 0:02:13]} Rc8 {[%emt 0:
01:54]} 15. Na3 {[%emt 0:02:04]} Nc7 {[%emt 0:02:45]} 16. Bh3 {[%emt 0:02:11]}
f5 {[%emt 0:15:58]} 17. g4 {[%emt 0:06:17]} Nxe6 {[%emt 0:07:52]} 18. gxf5 {
[%emt 0:00:48]} Kxf7 {[%emt 0:00:58]} 19. fxg6+ {[%emt 0:00:19]} Kf8 {[%emt 0:
01:04]} 20. Bxe6 {[%emt 0:00:52]} Rd8 {[%emt 0:00:30]} 21. gxh7 {[%emt 0:00:16]
} 1-0

[Event "54th Ilmar Raud Memorial"]
[Site "Viljandi"]
[Date "2020.07.12"]
[Round "9.2"]
[White "Meshkovs, Nikita"]
[Black "Seeman, Tarvo"]
[Result "1/2-1/2"]
[WhiteElo "2582"]
[BlackElo "2415"]
[PlyCount "97"]
[EventDate "2020.??.??"]

1. d4 {[%emt 0:00:02]} Nf6 {[%emt 0:00:08]} 2. c4 {[%emt 0:00:05]} g6 {[%emt 0:
00:05]} 3. Nc3 {[%emt 0:00:06]} Bg7 {[%emt 0:00:05]} 4. e4 {[%emt 0:00:10]} d6
{[%emt 0:00:06]} 5. h3 {[%emt 0:00:09]} O-O {[%emt 0:00:08]} 6. Be3 {[%emt 0:
00:06]} Na6 {[%emt 0:01:16]} 7. g4 {[%emt 0:00:18]} e5 {[%emt 0:06:58]} 8. d5 {
[%emt 0:00:18]} Nc5 {[%emt 0:01:00]} 9. f3 {[%emt 0:00:10]} c6 {[%emt 0:00:47]}
10. Qd2 {[%emt 0:01:03]} cxd5 {[%emt 0:01:00]} 11. cxd5 {[%emt 0:00:03]} Bd7 {
[%emt 0:00:37]} 12. Nge2 {[%emt 0:00:52]} h5 {[%emt 0:03:34]} 13. b4 {[%emt 0:
06:29]} Na4 {[%emt 0:01:22]} 14. Nxa4 {[%emt 0:00:10]} Bxa4 {[%emt 0:00:07]}
15. Nc3 {[%emt 0:00:09]} Bd7 {[%emt 0:01:01]} 16. a4 {[%emt 0:00:09]} Nh7 {
[%emt 0:08:56]} 17. O-O-O {[%emt 0:01:42]} h4 {[%emt 0:02:21]} 18. Kb2 {
[%emt 0:13:29]} Bf6 {[%emt 0:01:32]} 19. Rh2 {[%emt 0:24:20]} Bg5 {[%emt 0:01:
09]} 20. Rf2 {[%emt 0:02:14]} Bxe3 {[%emt 0:05:18]} 21. Qxe3 {[%emt 0:00:02]}
Qg5 {[%emt 0:02:23]} 22. f4 {[%emt 0:03:20]} exf4 {[%emt 0:00:50]} 23. Qxf4 {
[%emt 0:00:02]} Qxf4 {[%emt 0:02:46]} 24. Rxf4 {[%emt 0:00:02]} Kg7 {[%emt 0:
07:11]} 25. a5 {[%emt 0:09:31]} Ng5 {[%emt 0:01:53]} 26. Rd4 {[%emt 0:05:42]}
Rac8 {[%emt 0:09:52]} 27. Kb3 {[%emt 0:00:22]} Rc7 {[%emt 0:03:24]} 28. Rc4 {
[%emt 0:00:59]} Rfc8 {[%emt 0:00:44]} 29. Rxc7 {[%emt 0:00:13]} Rxc7 {[%emt 0:
00:05]} 30. Bg2 {[%emt 0:00:45]} f6 {[%emt 0:02:09]} 31. Rf2 {[%emt 0:01:04]}
Nf7 {[%emt 0:01:11]} 32. Bf1 {[%emt 0:00:02]} Ng5 {[%emt 0:00:43]} 33. Bg2 {
[%emt 0:01:21]} Nf7 {[%emt 0:00:41]} 34. Bf1 {[%emt 0:05:35]} Ng5 {[%emt 0:00:
05]} 35. Rf4 {[%emt 0:03:30]} Kf7 {[%emt 0:03:24]} 36. Kc2 {[%emt 0:03:56]} Ke7
{[%emt 0:02:53]} 37. Kd2 {[%emt 0:02:00]} Rc8 {[%emt 0:01:12]} 38. Nd1 {
[%emt 0:02:27]} Nf7 {[%emt 0:03:27]} 39. Ne3 {[%emt 0:00:32]} Ng5 {[%emt 0:02:
27]} 40. Nc2 {[%emt 0:04:13]} Ba4 {[%emt 0:02:58]} 41. Nd4 {[%emt 0:00:48]} a6
{[%emt 0:02:17]} 42. Bg2 {[%emt 0:01:12]} Rc7 {[%emt 0:05:25]} 43. Rf1 {
[%emt 0:01:35]} Rc4 {[%emt 0:01:17]} 44. Kd3 {[%emt 0:00:02]} Rc8 {[%emt 0:05:
24]} 45. Ra1 {[%emt 0:00:53]} Bd7 {[%emt 0:00:15]} 46. Bf1 {[%emt 0:00:34]} Rc7
{[%emt 0:01:09]} 47. Rb1 {[%emt 0:02:44]} Ba4 {[%emt 0:01:18]} 48. Ra1 {
[%emt 0:01:23]} Bd7 {[%emt 0:00:05]} 49. Rb1 {[%emt 0:00:35]} 1/2-1/2

[Event "54th Ilmar Raud Memorial"]
[Site "Viljandi"]
[Date "2020.07.12"]
[Round "9.3"]
[White "Laurusas, Tomas"]
[Black "Kiik, Kalle"]
[Result "1-0"]
[WhiteElo "2511"]
[BlackElo "2386"]
[PlyCount "63"]
[EventDate "2020.??.??"]

1. d4 {[%emt 0:00:02]} Nf6 {[%emt 0:01:34]} 2. c4 {[%emt 0:00:16]} e6 {[%emt 0:
00:16]} 3. Nf3 {[%emt 0:01:19]} Bb4+ {[%emt 0:00:27]} 4. Bd2 {[%emt 0:01:09]}
Qe7 {[%emt 0:00:31]} 5. g3 {[%emt 0:02:45]} b6 {[%emt 0:01:06]} 6. Bg2 {
[%emt 0:01:18]} Bb7 {[%emt 0:00:07]} 7. O-O {[%emt 0:02:05]} Bxd2 {[%emt 0:00:
14]} 8. Qxd2 {[%emt 0:02:26]} d6 {[%emt 0:07:17]} 9. Nc3 {[%emt 0:10:06]} Ne4 {
[%emt 0:01:17]} 10. Qc2 {[%emt 0:00:45]} Nxc3 {[%emt 0:01:35]} 11. Qxc3 {
[%emt 0:00:09]} Nd7 {[%emt 0:00:52]} 12. c5 {[%emt 0:15:21]} Bxf3 {[%emt 0:27:
42]} 13. Bxf3 {[%emt 0:07:57]} d5 {[%emt 0:03:42]} 14. e4 {[%emt 0:11:39]} dxe4
{[%emt 0:00:27]} 15. Bxe4 {[%emt 0:00:02]} Rd8 {[%emt 0:00:09]} 16. b4 {
[%emt 0:03:52]} O-O {[%emt 0:04:34]} 17. Rad1 {[%emt 0:01:33]} Nf6 {[%emt 0:00:
50]} 18. Bc6 {[%emt 0:02:46]} h5 {[%emt 0:03:23]} 19. Qa3 {[%emt 0:02:51]} bxc5
{[%emt 0:04:04]} 20. b5 {[%emt 0:08:21]} h4 {[%emt 0:04:50]} 21. Qxc5 {[%emt 0:
03:34]} Rd6 {[%emt 0:00:44]} 22. Qxa7 {[%emt 0:01:45]} Rxc6 {[%emt 0:07:07]}
23. bxc6 {[%emt 0:00:08]} Nd5 {[%emt 0:00:04]} 24. Rb1 {[%emt 0:02:48]} Qd8 {
[%emt 0:03:04]} 25. Rb3 {[%emt 0:01:31]} hxg3 {[%emt 0:01:50]} 26. hxg3 {
[%emt 0:01:18]} f5 {[%emt 0:00:27]} 27. Rfb1 {[%emt 0:00:20]} f4 {[%emt 0:04:
52]} 28. Rb8 {[%emt 0:00:05]} Qg5 {[%emt 0:00:21]} 29. Qa3 {[%emt 0:01:39]}
Rxb8 {[%emt 0:01:43]} 30. Rxb8+ {[%emt 0:00:05]} Kh7 {[%emt 0:00:19]} 31. Qd3+
{[%emt 0:00:05]} g6 {[%emt 0:00:08]} 32. Qe4 {[%emt 0:00:03]} 1-0

[Event "54th Ilmar Raud Memorial"]
[Site "Viljandi"]
[Date "2020.07.12"]
[Round "9.4"]
[White "Külaots, Kaido"]
[Black "Sepp, Olav"]
[Result "1-0"]
[WhiteElo "2524"]
[BlackElo "2410"]
[PlyCount "67"]
[EventDate "2020.??.??"]

1. e4 {[%emt 0:00:02]} e5 {[%emt 0:00:09]} 2. Nf3 {[%emt 0:00:04]} Nc6 {
[%emt 0:00:06]} 3. Bc4 {[%emt 0:00:04]} Nf6 {[%emt 0:00:17]} 4. d3 {[%emt 0:00:
05]} h6 {[%emt 0:00:13]} 5. c3 {[%emt 0:01:11]} d6 {[%emt 0:00:18]} 6. Nbd2 {
[%emt 0:00:25]} g5 {[%emt 0:02:55]} 7. Nf1 {[%emt 0:06:08]} Bg7 {[%emt 0:11:43]
} 8. Ne3 {[%emt 0:06:03]} O-O {[%emt 0:01:39]} 9. h4 {[%emt 0:02:58]} g4 {
[%emt 0:00:19]} 10. Nh2 {[%emt 0:00:53]} h5 {[%emt 0:01:10]} 11. f3 {[%emt 0:
01:30]} Na5 {[%emt 0:28:34]} 12. Bb5 {[%emt 0:03:39]} a6 {[%emt 0:28:51]} 13.
Ba4 {[%emt 0:00:08]} d5 {[%emt 0:00:59]} 14. fxg4 {[%emt 0:02:47]} dxe4 {
[%emt 0:02:43]} 15. g5 {[%emt 0:02:01]} Nd5 {[%emt 0:00:45]} 16. dxe4 {[%emt 0:
00:57]} Nf4 {[%emt 0:00:23]} 17. O-O {[%emt 0:02:27]} f6 {[%emt 0:00:35]} 18.
b4 {[%emt 0:10:10]} b5 {[%emt 0:01:53]} 19. Qxd8 {[%emt 0:01:01]} Rxd8 {
[%emt 0:00:07]} 20. Bd1 {[%emt 0:00:18]} Nb7 {[%emt 0:03:26]} 21. gxf6 {
[%emt 0:00:49]} Bxf6 {[%emt 0:00:06]} 22. g3 {[%emt 0:01:58]} Bh3 {[%emt 0:00:
31]} 23. Rf3 {[%emt 0:08:11]} Kh7 {[%emt 0:03:09]} 24. Ba3 {[%emt 0:18:49]} Rg8
{[%emt 0:05:22]} 25. Kh1 {[%emt 0:05:38]} Bg4 {[%emt 0:03:00]} 26. Nhxg4 {
[%emt 0:01:06]} hxg4 {[%emt 0:00:06]} 27. Rf1 {[%emt 0:02:31]} Nh5 {[%emt 0:00:
34]} 28. Kg2 {[%emt 0:01:39]} Nd6 {[%emt 0:02:34]} 29. Nf5 {[%emt 0:11:51]}
Rad8 {[%emt 0:00:39]} 30. Bb3 {[%emt 0:00:51]} Rgf8 {[%emt 0:01:11]} 31. Nxd6 {
[%emt 0:01:23]} Rxd6 {[%emt 0:00:01]} 32. Rad1 {[%emt 0:00:19]} Rfd8 {[%emt 0:
01:28]} 33. Rxd6 {[%emt 0:00:21]} cxd6 {[%emt 0:00:51]} 34. Bf7 {[%emt 0:00:20]
} 1-0

[Event "54th Ilmar Raud Memorial"]
[Site "Viljandi"]
[Date "2020.07.12"]
[Round "9.5"]
[White "Chukavin, Kirill"]
[Black "Shishkov, Andrei"]
[Result "1/2-1/2"]
[WhiteElo "2345"]
[BlackElo "2390"]
[PlyCount "20"]
[EventDate "2020.??.??"]

1. e4 {[%emt 0:00:02]} d5 {[%emt 0:00:06]} 2. exd5 {[%emt 0:00:06]} Nf6 {
[%emt 0:00:03]} 3. Nf3 {[%emt 0:00:08]} Nxd5 {[%emt 0:00:08]} 4. d4 {[%emt 0:
00:08]} Bg4 {[%emt 0:00:08]} 5. Be2 {[%emt 0:00:14]} e6 {[%emt 0:00:10]} 6. O-O
{[%emt 0:00:11]} Be7 {[%emt 0:00:17]} 7. Ne5 {[%emt 0:00:20]} Bxe2 {[%emt 0:00:
18]} 8. Qxe2 {[%emt 0:00:02]} O-O {[%emt 0:00:36]} 9. c3 {[%emt 0:00:18]} Nd7 {
[%emt 0:00:15]} 10. Rd1 {[%emt 0:00:32]} c6 {[%emt 0:00:21]} 1/2-1/2

[Event "54th Ilmar Raud Memorial"]
[Site "Viljandi"]
[Date "2020.07.15"]
[Round "1.7"]
[White "Kanep, Meelis"]
[Black "Protassov, Vlad"]
[Result "1/2-1/2"]
[WhiteElo "2465"]
[BlackElo "1916"]
[PlyCount "118"]
[EventDate "2020.??.??"]

1. d4 Nf6 2. c4 e6 3. g3 d5 4. Nf3 dxc4 5. Bg2 Bd7 6. Ne5 Bc6 7. Nxc6 Nxc6 8.
O-O Be7 9. e3 O-O 10. Qe2 e5 11. Bxc6 bxc6 12. dxe5 Nd7 13. f4 Nb6 14. Nc3 Qc8
15. f5 Nd7 16. f6 gxf6 17. exf6 Nxf6 18. Qxc4 Qe6 19. Qxe6 fxe6 20. e4 Bc5+ 21.
Kg2 Rab8 22. Rb1 Bd4 23. Ne2 c5 24. Bh6 Rf7 25. Nxd4 cxd4 26. e5 Nd5 27. b3 c5
28. Bd2 Rc7 29. Rbc1 Rbc8 30. Kf3 c4 31. bxc4 Rxc4 32. Rxc4 Rxc4 33. Ke4 Kg7
34. Kd3 Ra4 35. Ra1 h5 36. a3 Kg6 37. Ke4 Nc3+ 38. Kd3 Kf5 39. Bxc3 dxc3 40.
Kxc3 Kxe5 41. Kb3 Re4 42. Rc1 h4 43. Rc5+ Kf6 44. Ra5 hxg3 45. hxg3 Re3+ 46.
Kc4 Rxg3 47. Rxa7 Kf5 48. a4 e5 49. a5 Ra3 50. Kb4 Ra1 51. Rf7+ Ke4 52. Rh7 Kd4
53. Rd7+ Ke3 54. Kb5 e4 55. a6 Ke2 56. Rd4 e3 57. Ra4 Rxa4 58. Kxa4 Kf2 59. a7
e2 1/2-1/2